Aspects of Education: An Indian perspective/ (Record no. 188339)

MARC details
000 -LEADER
fixed length control field 00613nam a22001817a 4500
005 - DATE AND TIME OF LATEST TRANSACTION
control field 20220519105428.0
010 ## - LCCN (DPL NO)
LC control number ENG-132681
020 ## - INTERNATIONAL STANDARD BOOK NUMBER
International Standard Book Number 978-81-952458-3-3
Terms of availability 200.00
035 ## - SYSTEM CONTROL NUMBER
System control number EN-116213
037 ## - SOURCE OF ACQUISITION
Source of stock number/acquisition DBAD/PUB
082 ## - DEWEY DECIMAL CLASSIFICATION NUMBER
Classification number 371.3
100 ## - MAIN ENTRY--PERSONAL NAME
Personal name Bhat, V. Nithyanantha
245 ## - TITLE STATEMENT
Title Aspects of Education: An Indian perspective/
Statement of responsibility, etc V. Nithyanantha Bhat and J.S. Rajput
260 ## - PUBLICATION, DISTRIBUTION, ETC. (IMPRINT)
Place of publication, distribution, etc Kerala
Name of publisher, distributor, etc Sukrtindra Oriental Research Institute
Date of publication, distribution, etc 2019
270 ## - ADDRESS
Address Kuthapady, Thammanam, Kochi-682032
City Kerala
300 ## - PHYSICAL DESCRIPTION
Extent 82p.
Dimensions 21cm(pbk)
942 ## - ADDED ENTRY ELEMENTS (KOHA)
Source of classification or shelving scheme Dewey Decimal Classification
Item type English Books
Classification part 371.3
Call number suffix BHA
Holdings
Withdrawn status Lost status Not for loan Collection code Home library Current library Date acquired Source of acquisition Cost, normal purchase price Full call number Barcode Copy number Cost, replacement price Koha item type
      Non-fiction Bawana Bawana 19/05/2022 DBAD/PUB 200.00 371.3 BHA EN-116213 1 200.00 English Books

© Delhi Public Library
Hit Counter
free hit counter